[Event "RUS-ch U20"]
[Site "Cheboksary"]
[Date "2006.03.03"]
[Round "2"]
[White "Nepomniachtchi, Ian"]
[Black "Geller, Jakov"]
[Result "1-0"]
[WhiteElo "2506"]
[BlackElo "2505"]
[Annotator "Kritz,L"]
[PlyCount "59"]
[EventDate "2006.03.02"]
[EventType "tourn"]
[EventRounds "11"]
[EventCountry "RUS"]
[EventCategory "11"]
[SourceTitle "CBM 112"]
[Source "ChessBase"]
[SourceDate "2006.06.07"]
[SourceVersion "1"]
[SourceVersionDate "2006.06.07"]
[SourceQuality "1"]

1. e4 c5 2. Nf3 e6 3. d4 cxd4 4. Nxd4 a6 5. Bd3 Qc7 6. c4 {Dieser Zug scheint
mir etwas zu früh zu kommen. Es ist besser, erst dann c4 zu spielen, wenn der
schwarze Bauer schon auf d6 steht:} (6. O-O Nf6 7. Qe2 d6 8. c4 $14) (6. Nc3 {
ist ebenfalls eine der Hauptfortsetzungen} Nf6 (6... Nc6 7. Nxc6 dxc6 8. O-O e5
9. f4 $14) 7. O-O Nc6 8. Nxc6 (8. Be3 Nxd4 9. Bxd4 Bc5 $11) 8... bxc6 (8...
dxc6 9. f4 $14) 9. Qe2 $14 {diese Stellung spielt man mit anderer Zugfolge und
erreicht sie mit dem Zug d5 statt Qc7. Der Zug Qc7 erweist sich als unnötiger
Zeitverlust.}) 6... Nf6 (6... Nc6 $5 {scheint logisch zu sein - nach dem Weiß
die schwarzen Felder geschwächt hat, versucht Schwarz diese Schwäche
auszunutzen.} 7. Nxc6 (7. Be3 Nf6 8. O-O Nxd4 9. Bxd4 Bc5 10. Bxc5 Qxc5 11. Nc3
d6 12. Kh1 e5 13. f4 O-O $11) 7... dxc6 8. Be3 (8. O-O Bc5 9. Qg4 Bd4 $15) 8...
e5 9. O-O Nf6 $11) 7. Nc3 Be7 ({Hier konnte man wieder} 7... Nc6 {spielen.} 8.
Nxc6 (8. Be3 Nxd4 9. Bxd4 Bc5 $11) 8... dxc6 9. Be3 e5 $11) 8. O-O O-O 9. Be3
d6 10. f4 Nbd7 (10... Nc6 11. Nxc6 bxc6 (11... Qxc6 12. Rc1 $14 {/\g4}) 12. g4
$40) 11. g4 {Schwarz hat sich ziemlich passiv aufgebaut und erlaubt es dem
Weißen, seinen Angriff sofort zu starten.} Nc5 (11... g6 12. g5 Nh5 (12... Ne8
13. f5 $16) 13. Be2 Ng7 (13... Nxf4 $2 14. Rxf4 e5 15. Nd5 Qd8 16. Rxf7 $3 exd4
(16... Rxf7 17. Ne6 Qa5 (17... Qe8 18. Ndc7 $18) 18. Bd2 $18) (16... Kxf7 17.
Ne6 $3 Kxe6 18. Nc7+ $1 Kf7 19. Qd5+ Kg7 20. Ne6+ $18) 17. Rxe7 dxe3 18. Qd4
Rf7 19. Rxf7 Kxf7 (19... Qxg5+ 20. Kh1 Kxf7 21. Qh8 $1 $18) 20. Rf1+ Kg8 21.
Qxe3 $18) 14. f5 Bd8 $16) 12. g5 (12. Bc2 $5 e5 (12... g6 $2 13. g5 Nh5 14. f5
Re8 15. b4 Nd7 16. fxe6 fxe6 17. Nxe6 Qxc4 18. Bb3 $18) (12... d5 $6 13. exd5
exd5 14. g5 Ng4 15. Nxd5 Nxe3 $2 (15... Qd8 16. Bc1 $16) 16. Bxh7+ $3 $18 {
Macieja - Gratka (Koszalin, 1997)}) 13. Nf5 Bxf5 14. exf5 exf4 15. Rxf4 h6 $16)
12... Nxd3 (12... Ng4 13. Qxg4 Nxd3 14. Qe2 Nb4 15. f5 Kh8 16. Kh1 $1 (16. f6
gxf6 17. gxf6 Rg8+ 18. Kh1 Bf8 19. Rg1 Rg6 $13) 16... Re8 17. f6 $16) (12...
Nfd7 13. Bc2 Nb6 14. b3 f6 $1 15. Qh5 g6 16. Qh6 e5 17. f5 $3 exd4 18. fxg6 Bd8
19. e5 hxg6 20. Qxg6+ Qg7 21. Qxg7+ Kxg7 22. exf6+ Kg8 23. Bxd4 $18) 13. gxf6
Nxb2 14. Qe2 Bxf6 15. Qxb2 Qxc4 16. Rfd1 $16 {Trotz des materiellen
Gleichgewichts ist die schwarze Stellung kaum haltbar, da Weiß einen großen
Entwicklungsvorsprung hat.} Qc5 17. e5 dxe5 18. Ne4 Qe7 19. Nc6 bxc6 20. Bc5
Qe8 21. Nxf6+ gxf6 22. Qa3 Bb7 23. Kf2 h6 24. Rab1 Rd8 25. Bxf8 Qxf8 26. Qxf8+
Rxf8 27. Rxb7 exf4 28. Rg1+ Kh7 29. Kf3 e5 30. Ke4 1-0

[Event "EU-ch 12th"]
[Site "Aix les Bains"]
[Date "2011.03.25"]
[Round "4"]
[White "Alsina Leal, Daniel"]
[Black "Khairullin, Ildar"]
[Result "1/2-1/2"]
[WhiteElo "2538"]
[BlackElo "2634"]
[Annotator "Marchand,A/Primel,D"]
[PlyCount "82"]
[EventDate "2011.03.22"]
[EventType "swiss"]
[EventRounds "11"]
[EventCountry "FRA"]
[SourceTitle "CBM 142 Extra"]
[Source "ChessBase"]
[SourceDate "2011.06.27"]
[SourceVersion "1"]
[SourceVersionDate "2011.06.27"]
[SourceQuality "1"]
[TimeControl "40/5400+30:1800+30"]

1. e4 c5 2. Nf3 e6 3. d4 cxd4 4. Nxd4 a6 5. c4 Nf6 6. Nc3 Bb4 $1 {[%csl Re4]} (
6... Qc7 {L'alternative} 7. a3 {[%cal Gb2b4] Lles Blancs jouent le plus
souvent ce coup modeste pour empêcher le clouage Bb4 qui est trés pénible pour
les Blancs} (7. Be2 Bb4 $5 (7... b6 8. O-O Bb7 9. f3 d6 10. Be3 Nbd7 11. Rc1
Be7) 8. Qd3 (8. Nc2 Be7 $5 9. O-O d6 10. Be3 b6 11. f3 Nbd7 12. Qe1 Bb7 13. Qf2
) (8. f3 O-O 9. O-O d6 10. Kh1 Bxc3 11. bxc3 e5 12. Nc2 Be6 13. Ne3 Nc6 14. Qd3
Na5) (8. O-O O-O 9. f3) 8... b6 9. f4 d6 10. Bf3 Bb7 11. f5 Bxc3+ 12. bxc3 e5
13. Nb3 Nbd7 14. g4 h6 15. O-O O-O-O 16. Rb1 a5 {Sax,G (2576)-Fogarasi,T (2449)
HUN-chT 0102 2001 (4) 1/2} (16... Nc5 17. Nxc5 dxc5 18. Qe2 Rd6 $15 {Fogarasi})
) (7. Be3 Bb4 8. Qb3 $5 Bc5 9. Be2 O-O 10. O-O b6 11. Rac1 Bb7 $11) (7. Bd3 Nc6
8. Nxc6 dxc6)) 7. Bd2 {Une ligne secondaire} (7. Bd3 Nc6 $11 {[%csl Rd4]}) (7.
Qc2 $5 {Une variante trés compliquée} Nc6 (7... Qc7 8. a3 $1 Bxc3+ 9. Qxc3 Nxe4
10. Nb5 $40 {[%csl Re8,Rg7,Rh8][%cal Gc3g7];Ninov,N (2454)-Pikula,D (2480)
Lazarevac 28th 1999 (9) 1-0}) 8. Nxc6 dxc6 9. e5) 7... O-O (7... Qc7 8. Bd3 Nc6
9. Nxc6 dxc6 10. O-O) 8. e5 Ne8 (8... Bxc3 $142 9. Bxc3 Ne4 10. Qc2 Nxc3 (10...
d5) 11. Qxc3 d5 {[%emt 0:33:31] Dominguez Perez,L (2726)-Ivanchuk,V (2776)/
Capablanca Memorial Elite 46th (7)/ 1/2-1/2} (11... f6 $5 $32 {[%csl Re1]} 12.
exf6 Qxf6 $36 {[%csl Re1,Rf2]})) 9. Bd3 $146 (9. Nc2 Be7 10. Bd3 Nc6 {[%cal
Gc6e5]} 11. Qe2 Qc7 $1 12. f4 f6 {[%emt 0:32:37] Stoliar,E-Tal, M/URS-ch24
Moscow (14)/1/2-1/2} (12... d6 13. exd6 Nxd6 $11)) (9. Qg4 {[%cal Gd2h6]} d6
$11) 9... d6 $1 {[%csl Rd3,Rd4][%cal Gd8d4] Les Blancs seront contraints
d'échanger le P"e5" et d'abandonner le centre} 10. Nc2 {[%cal Gc2b4,Gc2e3]} (
10. Qc2 $5 dxe5 (10... h6 11. exd6 (11. Nf3 Nc6 12. O-O) 11... e5 12. Nf3 Nc6
13. O-O Bg4 14. Bh7+ Kh8 15. Be4 Bxd6 16. h3 Bxf3 17. Bxf3 Nd4 18. Qd3 f5 $11)
11. Bxh7+ Kh8 12. Nf3 {[%cal Gf3g5,Gf3e5]} Nc6 13. Ng5 Nd4 14. Qd3 {[%cal
Gd3h3,Gh3h8]}) 10... Nc6 $1 (10... Bc5) (10... Ba5 11. exd6 Nxd6 12. O-O Nc6
13. Qe2 e5 {[%csl Ge5][%cal Gc8e6]} 14. Rad1 {[%cal Gd1d8]} Be6 $132) 11. Nxb4
Nxb4 {[%csl Rd3,Re5]} 12. Bf4 (12. Be4 dxe5 13. O-O Nf6 14. Bg5 Qxd1 15. Raxd1
Nxe4 16. Nxe4 f6 17. Bd2 Nc6 18. Bc3 $44 {[%csl Ra8,Rc8]}) 12... Qa5 $1 $132 {
[%csl Re1][%cal Ga5e1,Gd6e5,Gb4d3]} 13. exd6 (13. O-O dxe5 14. Bg3 Nxd3 15.
Qxd3 f6 16. f4 (16. Rad1 b5 {[%cal Ga5a2]}) 16... exf4 17. Rxf4 e5 18. Rh4 g6
19. Nd5 Ng7 (19... Bf5 20. Ne7+) 20. Bf2 {[%cal Gf2b6]} Nf5 21. Rh3 (21. Bb6
Qa4 22. b3)) 13... e5 $1 {[%csl Gc8] Un gain de temps important car après la
chute du Pe5, les Noirs auront le centre.} 14. Be3 Nxd6 15. O-O Bf5 (15... Rd8
$1 {[%cal Gd8d1]} 16. Qe2 (16. Nd5 Nxd5 17. cxd5 Bf5 18. Be2 (18. Bxf5 Nxf5)
18... Be4 $36) 16... Nxd3 17. Qxd3 Bf5 $15) 16. Bxf5 Nxf5 17. Nd5 Nxd5 18. Qxd5
Qxd5 19. cxd5 Rfd8 (19... Rac8) 20. Rfd1 Rac8 21. Rd2 (21. Rac1 Rxc1) (21. Bb6)
21... f6 $1 {[%csl Rd5][%cal Gg8f7,Gf7e7,Ge7d6] La finale est difficile pour
les Blancs} 22. Rad1 {[%cal Gd5d6]} h5 $1 {[%csl Gg4]} (22... Nd6 {[%csl Gd6]})
23. b4 {[%cal Ge3c5]} Nd6 $1 {[%csl Gd6][%cal Gd6c4,Gd6b5,Gd6f5]} 24. f3 Nc4 (
24... Kf7 $17) 25. Re2 Rd7 26. Rc2 b5 $17 {[%csl Gc4,Rd5] Malgré les P sur les
deux ailes et le centre ouvert, le N domine le B} 27. a4 Rcd8 28. Bc5 Rxd5 29.
Rxd5 Rxd5 30. axb5 axb5 31. Ra2 f5 {[%csl Ge5,Gf5]} (31... Rd7 32. Ra8+ Kh7 33.
Rb8 Na3 {[%cal Ga3b5]} 34. Ra8 Nb1 {[%cal Gb1c3]} 35. Ra1 Nc3 {[%cal Gc3b5]}) (
31... Kh7 {[%cal Gh7g6]}) (31... Rd8 32. Ra7 {[%cal Ga7b7]}) 32. Ra8+ Kh7 33.
Rb8 e4 34. fxe4 (34. Re8 exf3) 34... fxe4 35. Rxb5 (35. Re8 Re5) 35... e3 {
[%csl Ge3,Rg1][%cal Gd5d1]} 36. Kf1 Rd1+ 37. Ke2 Rd2+ 38. Kf3 Rf2+ 39. Kg3 $2
h4+ $4 {Rate le gain} (39... Rf5 $8 {[%csl Rb5,Rc5,Gf5,Rg3][%cal Gf5b5,Gf5h5,
Ge3e2,Ge3e1]} 40. Rb7 e2 $19 41. Re7 Ne5) 40. Kxh4 Rxg2 41. Rb7 Rxh2+ {Le coup
réellement joué et la variante principale Rf2 qui a été sauvegardée doit
provenir du plateau DGT} (41... Rf2 42. Rb5 Rf5 43. Rb7 e2 44. Rb8 Ne5 45. Re8
Nd3 46. Bf2 {la partie donnée par TWIC!}) 1/2-1/2

[Event "Olympiad-34"]
[Site "Istanbul"]
[Date "2000.10.30"]
[Round "3.3"]
[White "Ganbold, Odondoo"]
[Black "Banikas, Hristos"]
[Result "1-0"]
[WhiteElo "2405"]
[BlackElo "2542"]
[Annotator "McShane,L"]
[PlyCount "58"]
[EventDate "2000.10.28"]
[EventType "team-swiss"]
[EventRounds "14"]
[EventCountry "TUR"]
[SourceTitle "EXT 2001"]
[Source "ChessBase"]
[SourceDate "2000.11.22"]
[SourceVersion "1"]
[SourceVersionDate "2000.11.22"]
[SourceQuality "1"]
[WhiteTeam "Mongolia"]
[BlackTeam "Greece"]
[WhiteTeamCountry "MGL"]
[BlackTeamCountry "GRE"]

{Every little while somebody produces one of those sacrifices that knocks you
off your chair, a sacrifice so bold that it deserves to work, even if
objectively it probably shouldn't. Bankias must have felt quite confident once
he had settled down to life a rook up, only to be bowled over by a stunning
piece of brute force tactics.} 1. e4 c5 2. Nf3 e6 3. c4 Nc6 4. d4 cxd4 5. Nxd4
Qc7 6. Nc3 a6 7. Be2 Nf6 8. O-O Bb4 9. Nxc6 bxc6 10. Qc2 Bc5 11. Kh1 Bd4 12.
Bg5 h6 13. Bh4 g5 14. Bg3 e5 15. Rad1 {The game has already begun rather
idiosyncratically, with the White lead in development apparently offset by
Black's control of the key central squares and the break f2-f4. However,
Ganbold barely seems to notice the fact that in a few moves time he will be a
rook down.} d6 16. Rxd4 $5 {A sacrifice so bold that it deserves to work, even
if it shouldn't. Banikas must have felt quite confident once he had settled
down to life a rook up, only to be bowled over by a stunning piece of brute
force tactics. Seriously considering such a brave course of action during a
game deserves rewards in itself. Most players wouldn't consider a move like
this even during analysis!} exd4 17. c5 dxc3 18. Bxd6 Qd8 (18... Qa5 19. f4 {
and the magnitude of the attack is debatable.}) 19. Qxc3 Rg8 {White has a
mighty bishop on d6, untouchable for the moment at least, but it cannot give
mate on its own. The black king is caught in the centre and White controls all
the dark squares, but something must be done before these advantages wane.} 20.
f4 $1 {Opening lines.} gxf4 21. Rxf4 Rg6 ({Given White's thunderous refutation
of the move played} 21... Nh7 {is necessary.}) 22. Bh5 $3 Rg5 (22... Nxh5 23.
Qh8+ Kd7 24. Rxf7+ Ke6 25. Qxd8 Kxf7 26. Qf8+ Ke6 27. Qe7#) 23. Rxf6 Rxh5 24.
Rg6 $3 Rg5 (24... fxg6 25. Qh8+ Kd7 (25... Kf7 26. Qxd8 {simply wins}) 26. Qh7+
Ke6 27. Qxg6+ Qf6 (27... Kd7 28. Qf7+ Qe7 29. Qxe7#) 28. Qe8+ Qe7 29. Qxe7#) (
24... Kd7 25. Qg7 Qe8 26. Rf6) 25. Qh8+ Kd7 26. Qh7 Qe8 27. Rf6 Kd8 28. Rxf7 {
After a fantastic forcing sequence, the threats are unanswerable.} Bd7 {
To prevent Bc7 mate.} 29. Re7 Re5 (29... Qf8 30. Rxd7+) 1-0

[Event "EU-Cup (Women) 23rd"]
[Site "Porto Carras"]
[Date "2018.10.18"]
[Round "7.1"]
[White "Muzychuk, Anna"]
[Black "Dzagnidze, Nana"]
[Result "1-0"]
[WhiteElo "2555"]
[BlackElo "2509"]
[Annotator "Mikhalchishin,A"]
[PlyCount "83"]
[EventDate "2018.10.12"]
[EventType "team-swiss"]
[EventRounds "7"]
[EventCountry "GRE"]
[SourceTitle "CBM 186 Extra"]
[Source "ChessBase"]
[SourceDate "2018.08.24"]
[SourceVersion "1"]
[SourceVersionDate "2018.08.24"]
[SourceQuality "1"]
[WhiteTeam "Monte Carlo (W)"]
[BlackTeam "Nona (W)"]
[WhiteTeamCountry "MNC"]
[BlackTeamCountry "GEO"]

1. e4 c5 2. Nf3 e6 3. d4 cxd4 4. Nxd4 a6 5. c4 Nf6 6. Nc3 Bb4 7. Qd3 O-O ({
The main move here is} 7... d5 $5 8. exd5 exd5 9. Be2 O-O 10. O-O Nc6 (10...
Re8 11. Nxd5 Nxd5 12. cxd5 Qxd5 13. Bf3 Qd6 14. Be3 Nd7 15. Qb3 Ne5 16. Bd5 Rd8
17. Rad1 Bg4 18. Nf3 Qe7 19. Bb6 Nxf3+ 20. gxf3 Rxd5 21. Qxd5 Bh3 22. a3 Qf6
23. Bd8 Qg6+ 24. Qg5 Bxf1 25. Qxg6 {Popov,I (2613)-Andreikin,D (2686)/Olginka
2011/Mega2011 Update 18/1/2-1/2}) (10... dxc4 $6 11. Qxc4 Ba5 12. Rd1 $16 {
Kramnik,V (2754)-Ivanchuk,V (2711) Amber-blindfold 14th rapid 2005 (1) 1-0})
11. Nxc6 bxc6 12. Bg5 a5 {[%cal Gc8a6,Ga6d3]} (12... Bxc3 13. bxc3 Be6 14. Rfd1
h6 15. Bh4 dxc4 16. Qg3 Qb8 17. Bxf6 Qxg3 18. hxg3 gxf6 19. Rd4 Rfd8 20. Rf4 {
1/2-1/2 Anand,V (2786)-Svidler,P (2735)/Monte Carlo 2005/CBM 105 ext}) 13. cxd5
cxd5 14. Rfd1 h6 (14... Ba6) 15. Bxf6 Qxf6 16. Bf3 (16. Nxd5 Qxb2) 16... Rb8
17. Qd4 {with the better end, Muzychuk,A (2528)-Rublevsky,S (2678), Aix les
Bains 2011.}) ({Once Anna caught a strong player with a famous opening trick
after} 7... Qc7 8. a3 Bxc3+ 9. Qxc3 Nxe4 10. Nb5 axb5 11. Qxg7 Rf8 12. Bh6 Qc5
13. f3 bxc4 14. Bxc4 Nf6 15. Qxf6 Rg8 16. Bd3 Qe7 17. Bg7 Qxf6 18. Bxf6 Rxg2
19. O-O-O $16 {Muzychuk,A (2576)-Peptan,C (2399) Medias ROU 2017}) 8. e5 {
Such a move is usually very strong as it drives the knight out of the centre.}
Ne8 9. Be2 {A funny situation when practically every move promises White
comfortable chances.} (9. a3 Ba5 10. Be2 Bc7 11. Bf4 d6 12. exd6 Bxd6 13. Bxd6
Qxd6 14. Qe3 Qc7 15. O-O b6 16. Rfd1 Bb7 17. Qg3 Qe7 18. Na4 Nd7 19. Bf3 Bxf3
20. Qxf3 Nef6 21. Nc6 $16 {Smeets,J (2657)-Caruana,F (2675) Wijk aan Zee 2010})
(9. Bf4 Nc6 10. a3 Be7 11. Be2 f6 12. Nxc6 bxc6 13. exf6 Bxf6 14. Bg3 d5 15.
O-O Ra7 16. Bg4 a5 17. Rfe1 Re7 18. Rad1 Nd6 19. b3 Nf7 20. Na4 $14 {Boros,D 
(2498)-Mamedov,N (2602) Teplice 2013}) (9. Nc2 Nc6 10. Bf4 Qa5 11. Be2 Bxc3+
12. Qxc3 Qxc3+ 13. bxc3 d6 14. exd6 e5 15. Be3 Nxd6 16. O-O-O Ne4 17. Kb2 Be6
18. Nb4 Rac8 19. Nd5 $14 {Fedorchuk,S (2642)-Ramiro Ovejero,J (2374) La Roda
ESP 2018}) 9... Qc7 10. Nf3 Nc6 11. Ng5 {[#]} ({A very promising pawn sac was
possible here:} 11. a3 Bc5 12. Ne4 Nxe5 13. Nxe5 Qxe5 14. Nxc5 Qxc5 15. Be3 Qc7
16. c5) 11... f5 ({A better try was} 11... g6 12. f4 d6) 12. exf6 Nxf6 13. O-O
d6 ({It was more logical to open the centre with} 13... d5 14. cxd5 Rd8 15. Bh5
Ne5) 14. a3 ({Another logical option was not to exchange the knight:} 14. Nce4
e5 15. Be3 Bf5 16. Bf3) 14... Bxc3 15. Qxc3 e5 16. Be3 h6 17. Nf3 Be6 18. Rac1
Ng4 ({This knight could also have been activated differently:} 18... Rac8 19.
Rfd1 Ne7 20. Qe1 Nf5) 19. Bd2 d5 $6 ({Why not prepare central activity with} 
19... Rad8 {?}) 20. cxd5 e4 $2 ({Much more stubborn would be} 20... Bxd5 21. h3
Nf6 22. Be3 Rfe8) 21. Ne5 $1 {This smart move destroys Black's complete
attacking set-up.} Ngxe5 (21... Qxe5 22. Qxe5 Ngxe5 23. dxe6 Rae8 24. Bc3 Rxe6
25. Bd1 Re7 26. Bb3+ Kh8 27. Rce1 $14) 22. dxe6 Qd6 ({White would have a
comfortable bishop pair advantage after} 22... Rf6 23. Qe3 Rxe6 24. Qxe4 Rae8
25. Be3) 23. Qe3 Rae8 ({Black's suffering in the endgame would have been a bit
smaller after} 23... Qd4 24. Bd1 Qxe3 25. Bxe3 Nd3 26. Rc3 Rac8 27. f3) 24.
Rfd1 Qd4 ({A difficult defence with a pawn down awaited Black after} 24... Nd3
25. Bc3 Qxe6 26. Bxd3 exd3 27. Qxe6+ Rxe6 28. Rxd3) 25. Qg3 Qxb2 26. Rb1 Qa2
27. Rxb7 g6 28. Qc3 ({Very good was} 28. Bxa6 Qxe6 29. Bxh6 Nd4 30. Rxd4 Qxa6
31. Rb1) 28... Qxe6 ({Even after the better} 28... h5 29. Rb6 Qxe6 30. Be3 {
Black could not awoid losing a pawn.}) 29. Bxh6 Rf7 30. Rxf7 Kxf7 31. Bxa6 g5 {
The last tactical chance, but it doesn't help.} 32. Bxg5 Qg4 33. Qb3+ Kg7 34.
Be3 Rb8 35. Qc2 Nf3+ {[#]} 36. Kh1 Rh8 37. gxf3 $1 {Muzychuk has calculated
the defence very precisely.} Qxf3+ 38. Kg1 Qg4+ 39. Kf1 Rxh2 40. Ke1 Rh1+ 41.
Kd2 Qd7+ 42. Kc1 1-0

[Event "EU-ch 19th"]
[Site "Batumi"]
[Date "2018.03.22"]
[Round "6"]
[White "Inarkiev, Ernesto"]
[Black "Romanov, Evgeny"]
[Result "1-0"]
[WhiteElo "2684"]
[BlackElo "2619"]
[Annotator "Mikhalchishin,A"]
[PlyCount "71"]
[EventDate "2018.03.17"]
[EventType "swiss"]
[EventRounds "11"]
[EventCountry "GEO"]
[SourceTitle "CBM 184"]
[Source "ChessBase"]
[SourceDate "2018.05.16"]
[SourceVersion "1"]
[SourceVersionDate "2018.05.16"]
[SourceQuality "1"]

1. e4 c5 2. Nf3 e6 3. d4 cxd4 4. Nxd4 a6 5. c4 Nf6 6. Nc3 Bb4 7. Qd3 $1 {
This is the modern way, stronger than the older} (7. Bd3 Nc6 8. Nc2 Bxc3+ 9.
bxc3) ({Some players try the same idea a bit differently:} 7. Qf3 Nc6) 7... d5
({The main idea of the inventors of this line is} 7... Qc7 8. a3 Bxc3+ 9. Qxc3
Nxe4 10. Nb5 axb5 11. Qxg7 Rf8 12. Bh6 Qc5 13. f3 Nf2 14. b4 $18) 8. exd5 exd5
9. Be2 O-O 10. O-O Nc6 11. Nxc6 ({Another option is to keep the pressure and
not to change the structure:} 11. Rd1 Ne5 12. Qg3 Bxc3 13. bxc3 Re8 14. Bg5 Ne4
(14... h6) 15. Bxd8 Nxg3 16. hxg3 Rxd8 17. Nf3 Bg4 18. cxd5 Bxf3 19. gxf3 Rac8
20. f4 Nc4 21. Rd4 Nd6 {Piorun,K (2609)-Van Wely,L (2632) Berlin 2015. Black
tries to blockade the power of White's extra pawn.}) 11... bxc6 12. Bg5 ({
After the exchange White gets a slughtly too simple position} 12. cxd5 Nxd5 13.
Nxd5 (13. Rd1 Be6 14. Nxd5 Bxd5 15. Bd2 a5 16. Bc3 Qg5 17. Bf3 Rfd8 18. Bxd5
cxd5 19. h3 Rac8 20. Rac1 h6 21. Bd2 Bxd2 22. Rxc8 Rxc8 23. Qxd2 Rc5 {1/2 (23)
Svane,R (2543)-Van Wely,L (2632) Berlin 2015}) 13... Qxd5 14. Qxd5 cxd5 15. Bf3
Be6 16. Be3 a5 17. Rfd1 Rfd8 18. Rac1 a4 19. a3 Be7 20. g3 Rab8 21. Bd4 Rb3 {
1/2 (26) Shirov,A (2689)-Van Wely,L (2632) Puhajarve 2015}) 12... a5 ({An
interesting try was} 12... Bxc3 13. bxc3 Be6 14. Rfd1 h6 15. Bh4 dxc4 16. Qg3
Qb8 17. Bxf6 Qxg3 18. hxg3 gxf6 19. Rd4 Rfd8 20. Rf4 {1/2 (20) Anand,V (2786)
-Svidler,P (2735) Monte Carlo 2005}) 13. Rfd1 (13. Rad1 Re8 14. cxd5 Bxc3 15.
Qxc3 $6 (15. bxc3 Qxd5 16. Bxf6 Qxd3 17. Bxd3 gxf6 18. Bc4 Be6) 15... Rxe2 16.
dxc6 Qe7 17. Rfe1 Rxe1+ 18. Rxe1 Be6 {Jakubowski,K (2560)-Zubov,A (2611)
Krakow 2015, and White's attack is over.}) 13... h6 14. Bh4 Re8 ({I think that
a better try would be the direct} 14... Ba6 15. Qf3 Bxc3 16. bxc3 Qe7 17. Bf1
Bxc4 18. Bxc4 dxc4 19. Bxf6 Qxf6 20. Qxf6 gxf6 21. Rd4 Rfd8 22. Rxc4 Rd2 23. a4
{Kramnik,V (2744)-Van Wely,L (2655) Dortmund 2005, with a slightly better
ending.}) 15. Qc2 Bxc3 16. bxc3 Qe7 ({Things were very comfortable after} 16...
g5 17. Bg3 Ne4 18. cxd5 Bf5 19. Bd3 Qxd5 $11) 17. Bf1 dxc4 ({Still better was} 
17... g5 18. Bg3 Ba6) 18. Qa4 Be6 19. Qxc6 Rec8 20. Qb6 a4 ({Also after} 20...
Nd7 21. Qd4 Qe8 22. Re1 {White would keep some pressure.}) 21. Rab1 {The
position seems to be equal, but with the bishop pair White is increasing the
pressure slowly - Black has no real counterplay.} g5 22. Bg3 Ne4 23. Be5 Bg4 ({
The queen swap would not reduce White's advantage:} 23... Qc5 24. Bd4 Qxb6 25.
Rxb6 Rd8 26. Be2 $16) 24. Rd5 Be6 25. Rdd1 Bg4 26. Bd4 $1 {Finally, after a
repetition, White found the correct way.} Be6 (26... Bxd1 27. Qxh6 f6 28. Qg6+
Qg7 29. Qxe4 Bh5 30. Rb6 $18 {with very strong increasing threats.}) 27. Be2 (
27. g3 {was even more precise.}) 27... Qa3 28. Bg4 $1 Re8 (28... Bxg4 {loses
immediately:} 29. Qxh6 f6 30. Rb7) 29. Re1 {Good enough - White did not want
to calculate sharper lines} (29. Qc6 Nxc3 30. Bxe6 Ne2+ 31. Kh1 Nxd4 32. Bxf7+
Kxf7 33. Rb7+ $18) 29... Nd6 30. Bxe6 Rxe6 31. Rxe6 fxe6 32. Bc5 Qxa2 33. Bxd6
a3 34. Be5 Re8 35. h4 gxh4 36. Qb7 1-0